The mysterious death of Miss Jane Austen / Lindsay ... Read More
Available copies
- 0 of 1 copy available at LARL/NWRL Consortium. (Show)
- 0 of 1 copy available at Lake Agassiz Regional Library.
Current holds
0 current holds with 1 total copy.
Show All Copies
| Location | Call Number / Copy Notes | Barcode | Shelving Location | Status | Due Date |
|---|---|---|---|---|---|
Record details
- ISBN: 9781402282126 (paperback : alk. paper)
- ISBN: 1402282125 (paperback : alk. paper)
- Physical Description: pages cm
- Publisher: Naperville, IL : Sourcebooks Landmark, 2013.
Content descriptions
| Summary, etc.: | Twenty-six years have passed since the death of ... Read More |
Search for related items by subject
| Subject: | Austen, Jane, 1775-1817 > Death and burial > Fiction. Austen, Jane, 1775-1817 > Family > Fiction. Detective and mystery stories. |
| Genre: | Mystery fiction. Historical fiction. |
| LDR | 01809cam a22004098i 4500 | ||
|---|---|---|---|
| 001 | 154814 | ||
| 003 | LARL_NWRL_CONSORTIUM | ||
| 005 | 20130724103902.0 | ||
| 008 | 130404s2013 ilu 000 1deng | ||
| 010 | . | ‡a2013010791 | |
| 020 | . | ‡a9781402282126 (paperback : alk. paper) | |
| 020 | . | ‡a1402282125 (paperback : alk. paper) | |
| 035 | . | ‡a(OCoLC)809027556 | |
| 040 | . | ‡aDLC ‡beng ‡erda ‡cDLC ‡dBTCTA ‡dBDX ‡dOCLCO ‡dOCLCQ ‡dUPZ | |
| 042 | . | ‡apcc | |
| 050 | 0 | 0. | ‡aPR6101.S545 ‡bM97 2013 |
| 082 | 0 | 0. | ‡a823/.92 ‡223 |
| 100 | 1 | . | ‡aAshford, Lindsay Jayne. ‡0(LARL_NWRL_CONSORTIUM)207745 |
| 245 | 1 | 4. | ‡aThe mysterious death of Miss Jane Austen / ‡cLindsay Ashford. |
| 260 | . | ‡aNaperville, IL : ‡bSourcebooks Landmark, ‡c2013. | |
| 300 | . | ‡apages cm | |
| 336 | . | ‡atext ‡btxt ‡2rdacontent | |
| 337 | . | ‡aunmediated ‡bn ‡2rdamedia | |
| 338 | . | ‡avolume ‡bnc ‡2rdacarrier | |
| 520 | . | ‡aTwenty-six years have passed since the death of Jane Austen. Armed with a lock of Austen's hair as perhaps her best clue, Anne Sharp, former governess to the Austen family and Jane's close friend, has decided at least to tell her story -- a story of family intrigues, shocking secrets, forbidden loves, and maybe even murder. | |
| 600 | 1 | 0. | ‡aAusten, Jane, ‡d1775-1817 ‡xDeath and burial ‡vFiction. |
| 600 | 1 | 0. | ‡aAusten, Jane, ‡d1775-1817 ‡xFamily ‡vFiction. |
| 650 | 0. | ‡aDetective and mystery stories. ‡0(LARL_NWRL_CONSORTIUM)18458 | |
| 655 | 7. | ‡aMystery fiction. ‡2gsafd | |
| 655 | 7. | ‡aHistorical fiction. ‡2gsafd | |
| 948 | . | ‡hNO HOLDINGS IN LAL - 23 OTHER HOLDINGS | |
| 994 | . | ‡aZ0 ‡bLAL | |
| 901 | . | ‡a154814 ‡bOCLC ‡c154814 ‡tbiblio | |

Add to basket
Permalink
Disable Highlighting